Indian economy and challenges of globalisation / (Record no. 39252)

MARC details
000 -LEADER
fixed length control field 00854nam a22002297a 4500
005 - DATE AND TIME OF LATEST TRANSACTION
control field 2010080405295.0
010 ## - LCCN (DPL NO)
LC control number ENG-98134
020 ## - INTERNATIONAL STANDARD BOOK NUMBER
International Standard Book Number 9788171325849
Terms of availability 650.00
035 ## - SYSTEM CONTROL NUMBER
System control number EN-81667
037 ## - SOURCE OF ACQUISITION
Source of stock number/acquisition DBAD/PUB
082 ## - DEWEY DECIMAL CLASSIFICATION NUMBER
Classification number 338.954
100 ## - MAIN ENTRY--PERSONAL NAME
Personal name Khandela, Manchand
245 ## - TITLE STATEMENT
Title Indian economy and challenges of globalisation /
Statement of responsibility, etc by Manchand Khandela
260 ## - PUBLICATION, DISTRIBUTION, ETC. (IMPRINT)
Place of publication, distribution, etc Jaipur
Name of publisher, distributor, etc Pointer Publishers
Date of publication, distribution, etc 2009
270 ## - ADDRESS
Address 807, Vyas Building, Chaura Rasta
City Jaipur
Postal code 302003
300 ## - PHYSICAL DESCRIPTION
Extent vi, 200p.
Dimensions 22cm (Hb)
500 ## - GENERAL NOTE
General note includes bibliographical references
650 ## - SUBJECT ADDED ENTRY--TOPICAL TERM
Topical term or geographic name as entry element Economic Development
650 ## - SUBJECT ADDED ENTRY--TOPICAL TERM
Topical term or geographic name as entry element Globalisation- Economic Aspect
942 ## - ADDED ENTRY ELEMENTS (KOHA)
Source of classification or shelving scheme Dewey Decimal Classification
Item type English Books
Classification part 338.954
Call number suffix KHA
Holdings
Withdrawn status Lost status Not for loan Collection code Home library Current library Date acquired Source of acquisition Cost, normal purchase price Full call number Barcode Copy number Cost, replacement price Koha item type
    Not For Loan Non-fiction D.B.Act.Division D.B.Act.Division 04/08/2010 DBAD/PUB 650.00 338.954 KHA EN-81667 1 650.00 English Books

© Delhi Public Library
Hit Counter
free hit counter